Sports Quiz

Random Sports or Football Quiz
Score 0/28 Timer 04:00
4 Plays Today
Goals Player % Correct
175Thierry Henry
83.7%
120Steven Gerrard
78.6%
109Ryan Giggs
75.2%
107Paul Scholes
71%
143Harry Kane
63.1%
104Didier Drogba
62%
180Sergio Agüero
60.3%
87Dennis Bergkamp
49.8%
62David Beckham
49.3%
95Ruud van Nistelrooy
48.6%
84Cristiano Ronaldo
48.5%
69Luis Suárez
43.9%
102Matthew Le Tissier
38.4%
60David Silva
31.9%
Goals Player % Correct
103Jamie Vardy
30.5%
57Roberto Firmino
29.6%
85Eden Hazard
28.3%
91Ole Gunnar Solskjaer
25.7%
52Diego Costa
25.2%
60Yaya Touré
23.6%
59Gianfranco Zola
21.2%
50Dele Alli
15.5%
55Pierre-Emerick Aubameyang
12.9%
51Christian Eriksen
11.8%
73Gabriel Agbonlahor
11.4%
51Dirk Kuyt
10.8%
56Tim Cahill
10.1%
51Anthony Martial
8.2%
Remove Ads.
Support Sporcle.
Get the best of Sporcle when you Go Orange. This ad-free experience offers more features, more stats, and more fun while also helping to support Sporcle. Thank you for becoming a member.

You're not logged in!

Compare scores with friends on all Sporcle quizzes.
OR
Log In

Sporcle TV

Today on Sporcle TV


Watch our educational content, quiz creation guides, and fun videos on Sporcle TV.

Show Comments

Extras

Top Quizzes Today


Score Distribution

Paid Content

Your Account Isn't Verified!

In order to create a playlist on Sporcle, you need to verify the email address you used during registration. Go to your Sporcle Settings to finish the process.

Report this User

Report this user for behavior that violates our Community Guidelines.

Details: